000 00597nam a2200241Ia 4500
003 OSt
005 20221005121746.0
006 a|||||r|||| 00| 0
007 ta
008 221004b |||||||| |||| 00| 0 tam d
024 _a47648
037 _cTextual
040 _aCRL
_cCRL
_btam
041 _2tam
_atam
082 _aO31:gN5, K0
100 _aBandan Gyanasam Au.
_9631103
245 0 _aIlakkiya kalai
260 _c1960
300 _a374p.
_ccm.
650 _aTAMIL LITERATURE
942 _hO31:gN5, K0
_cTEXL
_2cc
999 _c1042174
_d1042174